[Event "Penang op 15th"]
[Site "Penang"]
[Date "2023.12.22"]
[Round "8"]
[White "Koay, Yu Hang"]
[Black "Ismail, Ahmad"]
[Result "1/2-1/2"]
[WhiteElo "1574"]
[BlackElo "1821"]
[PlyCount "114"]
[EventDate "2023.12.18"]
[EventType "swiss"]
[EventRounds "9"]
[EventCountry "MAS"]
[SourceTitle "CB52_2023"]
[SourceDate "2023.12.27"]
[SourceVersion "1"]
[SourceVersionDate "2023.12.27"]
[SourceQuality "1"]

1. e4 d5 2. exd5 Nf6 3. Nf3 Bg4 4. Be2 Qxd5 5. Nc3 Qf5 6. d4 Nc6 7. h3 Bxf3 8. Bxf3 0-0-0 9. Be3 e5 10. d5 e4 11. Nxe4 Rxd5 12. Qe2 Re5 13. Nxf6 Qxf6 14. Qc4 Bd6 15. 0-0-0 Na5 16. Qc3 Qe6 17. Kb1 Qc4 18. Bd4 Qb5 19. a4 Qe8 20. Bxe5 Qxe5 21. Qxe5 Bxe5 22. Rd5 Nc6 23. Bg4+ Kb8 24. Bd7 f6 25. Bxc6 bxc6 26. Rd3 c5 27. Re1 g5 28. c3 h5 29. Rd5 Bd6 30. Re6 Rf8 31. Rf5 Rg8 32. Rfxf6 Rd8 33. g3 h4 34. gxh4 gxh4 35. Re4 Rg8 36. Rg4 Re8 37. Rf5 Re1+ 38. Ka2 Be7 39. Rg8+ Kb7 40. Re8 Kc6 41. Rf7 Kd7 42. Rfxe7+ Rxe7 43. Rxe7+ Kxe7 44. Kb3 Kf6 45. Kc4 Kf5 46. Kd3 Kf4 47. Ke2 c4 48. a5 a6 49. Ke1 Kf3 50. Kf1 Ke4 51. Ke2 Kf4 52. Ke1 Kf3 53. Kf1 Ke4 54. Kg2 Kf4 55. Kh2 Kf3 56. Kg1 Kf4 57. Kg2 Ke4 1/2-1/2

[Event "Penang op 15th"]
[Site "Penang"]
[Date "2023.12.19"]
[Round "4"]
[White "Helmy, Muhammad Adnin Nuay"]
[Black "Ismail, Ahmad"]
[Result "0-1"]
[WhiteElo "1438"]
[BlackElo "1821"]
[PlyCount "62"]
[EventDate "2023.12.18"]
[EventType "swiss"]
[EventRounds "9"]
[EventCountry "MAS"]
[SourceTitle "CB52_2023"]
[SourceDate "2023.12.27"]
[SourceVersion "1"]
[SourceVersionDate "2023.12.27"]
[SourceQuality "1"]

1. Nf3 d5 2. c4 c6 3. e3 a6 4. Nc3 Nf6 5. Qc2 e6 6. b3 Bd6 7. d4 0-0 8. Bb2 Nbd7 9. Be2 Re8 10. 0-0 e5 11. cxd5 cxd5 12. dxe5 Nxe5 13. Rfd1 Be6 14. Nd4 Rc8 15. Rac1 Ne4 16. Qb1 Rxc3 17. Bxc3 Ng4 18. Nf3 Nxh2 19. Be1 Ng4 20. Bd3 f5 21. Qb2 Qe7 22. b4 Qf7 23. b5 a5 24. b6 Qh5 25. Rc7 Bh2+ 26. Kf1 Bxc7 27. bxc7 Ng3+ 28. fxg3 Qh1+ 29. Ng1 Nxe3+ 30. Ke2 Qxg1 31. Bf2 Qxf2+ 0-1

[Event "Penang op-A 14th"]
[Site "Penang"]
[Date "2022.12.23"]
[Round "7"]
[White "Ernest, Yek Zu Yang"]
[Black "Ismail, Ahmad"]
[Result "1-0"]
[WhiteElo "1471"]
[BlackElo "1885"]
[PlyCount "79"]
[EventDate "2022.12.19"]
[EventType "swiss"]
[EventRounds "9"]
[EventCountry "MAS"]
[SourceTitle "CBM 211 Extra"]
[Source "ChessBase"]
[SourceDate "2023.01.31"]
[SourceVersion "1"]
[SourceVersionDate "2023.01.31"]
[SourceQuality "1"]

1. c4 Nf6 2. Nc3 Nc6 3. d4 e5 4. Nf3 e4 5. Ne5 Bb4 6. e3 Qe7 7. Nxc6 bxc6 8. Bd2 0-0 9. Be2 d5 10. c5 Bd7 11. 0-0 Bxc3 12. Bxc3 h5 13. Bxh5 g6 14. Be2 Kg7 15. Ba5 Bf5 16. g4 Be6 17. f4 exf3 18. Bxf3 Rh8 19. Be1 Bxg4 20. Bxg4 Qxe3+ 21. Kh1 Rh7 22. Qe2 Qg5 23. Bf3 Rah8 24. Rf2 Qf4 25. Bd2 Qg3 26. Raf1 Re8 27. Qd1 Reh8 28. Qe2 Re8 29. Be3 Kg8 30. Rg2 Qh3 31. Qf2 Qd7 32. Bg5 Ne4 33. Bxe4 Rxe4 34. Bf4 a6 35. Be5 Rg4 36. Rxg4 Qxg4 37. Qf3 Qh4 38. Qf4 Qe7 39. Qf6 Qxf6 40. Rxf6 1-0

[Event "Penang op-A 14th"]
[Site "Penang"]
[Date "2022.12.21"]
[Round "4"]
[White "Dinh, Nho Kiet"]
[Black "Ismail, Ahmad"]
[Result "1/2-1/2"]
[WhiteElo "2041"]
[BlackElo "1885"]
[PlyCount "148"]
[EventDate "2022.12.19"]
[EventType "swiss"]
[EventRounds "9"]
[EventCountry "MAS"]
[SourceTitle "CBM 211 Extra"]
[Source "ChessBase"]
[SourceDate "2023.01.31"]
[SourceVersion "1"]
[SourceVersionDate "2023.01.31"]
[SourceQuality "1"]

1. d4 Nf6 2. c4 Nc6 3. Nf3 e6 4. Nc3 Bb4 5. Qc2 d6 6. Bg5 h6 7. Bd2 Qe7 8. e3 0-0 9. a3 Bxc3 10. Bxc3 Re8 11. b4 e5 12. dxe5 Nxe5 13. Nxe5 dxe5 14. Be2 Bg4 15. Bxg4 Nxg4 16. h3 Nf6 17. 0-0 Qe6 18. Bb2 Rad8 19. Rad1 c6 20. Rd3 Rxd3 21. Qxd3 Nd7 22. c5 Nf6 23. Rd1 a6 24. Qc2 Nd5 25. e4 Qg6 26. Bc1 Nf6 27. f3 Qg3 28. Qf2 Qg6 29. Rd6 Qh5 30. Kh2 Qg6 31. Qh4 Re6 32. Rxe6 fxe6 33. Bb2 Kh7 34. Bxe5 Nd7 35. Bc3 Qf7 36. Qg3 Nf6 37. Qf4 Qe7 38. Bxf6 gxf6 39. Qd6 Qf7 40. f4 Kg6 41. g4 Kh7 42. Kg3 Kg7 43. Kf2 e5 44. Qd3 exf4 45. Kf3 Qe6 46. Kxf4 Qe5+ 47. Ke3 Kg6 48. Kf3 Kg5 49. Qd2+ Kg6 50. h4 h5 51. Qd3 hxg4+ 52. Kxg4 Qe6+ 53. Kg3 Qe5+ 54. Kh3 Qe6+ 55. Kg3 Qe5+ 56. Kg4 Qe6+ 57. Kf4 Qe5+ 58. Ke3 Qg3+ 59. Kd2 Qh2+ 60. Kc1 Kh5 61. Qf3+ Kg6 62. Qf5+ Kg7 63. h5 Qg1+ 64. Kc2 Qa1 65. Qg4+ Kh7 66. Kb3 a5 67. Qg6+ Kh8 68. h6 Qd1+ 69. Kc3 Qf3+ 70. Kd4 Qf2+ 71. Kd3 Qf3+ 72. Kc2 Qe2+ 73. Kc3 Qe3+ 74. Kc4 Qe2+ 1/2-1/2

[Event "Penang op 11th"]
[Site "Penang"]
[Date "2019.12.13"]
[Round "7"]
[White "Teh, Rui Gen"]
[Black "Ismail, Ahmad"]
[Result "0-1"]
[WhiteElo "1498"]
[BlackElo "1926"]
[PlyCount "71"]
[EventDate "2019.12.09"]
[EventType "swiss"]
[EventRounds "9"]
[EventCountry "MAS"]
[SourceTitle "CBM 193 Extra"]
[Source "ChessBase"]
[SourceDate "2020.01.31"]
[SourceVersion "1"]
[SourceVersionDate "2020.01.31"]
[SourceQuality "1"]

1. e4 d5 2. exd5 Nf6 3. d4 Bg4 4. Bb5+ Nbd7 5. f3 Bf5 6. c4 e6 7. dxe6 fxe6 8. Ne2 c6 9. Ba4 Bd6 10. Bc2 Bxc2 11. Qxc2 0-0 12. Nbc3 Qc7 13. g3 e5 14. 0-0 exd4 15. Nxd4 Bc5 16. Be3 Rae8 17. Bf2 Ne5 18. Rae1 Bxd4 19. Bxd4 Nxf3+ 20. Rxf3 Rxe1+ 21. Kg2 Qe7 22. Qf2 b6 23. h3 Nd7 24. Rxf8+ Nxf8 25. Qd2 Re6 26. Bf2 Ng6 27. b3 h6 28. Qc2 Qf6 29. Ne2 Re8 30. c5 b5 31. Nd4 Qg5 32. Kh2 Ne5 33. Kg2 Nd7 34. b4 Qd5+ 35. Kg1 Re5 36. Qb2 0-1

[Event "Penang op 11th"]
[Site "Penang"]
[Date "2019.12.11"]
[Round "5"]
[White "Geng, Tiankai"]
[Black "Ismail, Ahmad"]
[Result "0-1"]
[WhiteElo "1543"]
[BlackElo "1926"]
[PlyCount "46"]
[EventDate "2019.12.09"]
[EventType "swiss"]
[EventRounds "9"]
[EventCountry "MAS"]
[SourceTitle "CBM 193 Extra"]
[Source "ChessBase"]
[SourceDate "2020.01.31"]
[SourceVersion "1"]
[SourceVersionDate "2020.01.31"]
[SourceQuality "1"]

1. e4 d5 2. exd5 Nf6 3. Bb5+ Bd7 4. Bc4 b5 5. Bb3 Bg4 6. f3 Bc8 7. Nc3 b4 8. Ne4 Nxd5 9. d4 e6 10. Ne2 Be7 11. 0-0 0-0 12. c4 bxc3 13. bxc3 Ba6 14. Qc2 Nc6 15. Rd1 Rb8 16. N2g3 f5 17. Nc5 Bxc5 18. dxc5 Qf6 19. Bxd5 exd5 20. Nh5 Qh4 21. Nf4 Bc4 22. Nxd5 Bxd5 23. g3 Qc4 0-1

[Event "Penang op 10th"]
[Site "Penang"]
[Date "2018.12.08"]
[Round "9"]
[White "Ismail, Ahmad"]
[Black "Wong, Shyun Fwu Aldrin"]
[Result "1/2-1/2"]
[WhiteElo "1956"]
[BlackElo "1643"]
[PlyCount "77"]
[EventDate "2018.12.03"]
[EventType "swiss"]
[EventRounds "9"]
[EventCountry "MAS"]
[SourceTitle "CBM 187 Extra"]
[Source "ChessBase"]
[SourceDate "2018.11.04"]
[SourceVersion "1"]
[SourceVersionDate "2018.11.04"]
[SourceQuality "1"]

1. d4 Nf6 2. Bg5 d5 3. Bxf6 exf6 4. e3 Bd6 5. c4 dxc4 6. Bxc4 0-0 7. Qh5 c5 8. Nf3 Nc6 9. dxc5 Qa5+ 10. Nbd2 Bxc5 11. 0-0 Bb4 12. Qxa5 Bxa5 13. Nb3 Bb6 14. h3 Be6 15. Rac1 Rfd8 16. Bxe6 fxe6 17. Rcd1 Kf7 18. g4 Ke7 19. Kg2 Rxd1 20. Rxd1 Rd8 21. Rc1 e5 22. Nfd2 Nb4 23. a4 Nd3 24. Ra1 Nxb2 25. a5 Bc7 26. Ne4 Nd3 27. Nbc5 Nxc5 28. Nxc5 b6 29. Na6 Bd6 30. axb6 axb6 31. Rb1 Bc5 32. Nc7 Kd6 33. Nb5+ Kc6 34. Nc3 Rd2 35. Kf3 Rc2 36. Rb3 Rc1 37. Kg2 Rc2 38. Kf3 Rc1 39. Kg2 1/2-1/2

[Event "Penang op 10th"]
[Site "Penang"]
[Date "2018.12.04"]
[Round "2"]
[White "Ismail, Ahmad"]
[Black "Ang, Jing Xuan"]
[Result "1/2-1/2"]
[WhiteElo "1956"]
[BlackElo "1731"]
[PlyCount "66"]
[EventDate "2018.12.03"]
[EventType "swiss"]
[EventRounds "9"]
[EventCountry "MAS"]
[SourceTitle "CBM 187 Extra"]
[Source "ChessBase"]
[SourceDate "2018.11.04"]
[SourceVersion "1"]
[SourceVersionDate "2018.11.04"]
[SourceQuality "1"]

1. d4 Nf6 2. Bg5 Ne4 3. Bf4 d5 4. f3 Nf6 5. e4 dxe4 6. Nc3 e6 7. Bc4 Bb4 8. a3 Bxc3+ 9. bxc3 Nd5 10. Qd2 Nxf4 11. Qxf4 exf3 12. Nxf3 0-0 13. 0-0 Nc6 14. Bd3 h6 15. Rf2 f5 16. Re2 Qd6 17. Qe3 Bd7 18. Bb5 Nb8 19. Bxd7 Nxd7 20. Qxe6+ Qxe6 21. Rxe6 Rae8 22. Rae1 Rxe6 23. Rxe6 Kf7 24. d5 g6 25. h4 Re8 26. Nd4 Nc5 27. Rxe8 Kxe8 28. h5 gxh5 29. Nxf5 Kf7 30. Ne3 Kf6 31. Kf1 Ke5 32. Ke2 b5 33. Kd2 Ke4 1/2-1/2

[Event "Asia-ch Seniors 9th"]
[Site "Tagaytay City"]
[Date "2018.11.06"]
[Round "4"]
[White "Buciu, Aurel John"]
[Black "Ismail, Ahmad"]
[Result "0-1"]
[WhiteElo "1687"]
[BlackElo "1949"]
[PlyCount "92"]
[EventDate "2018.11.04"]
[EventType "swiss"]
[EventRounds "9"]
[EventCountry "PHI"]
[SourceTitle "EXT 2021"]
[Source "ChessBase"]
[SourceDate "2020.10.23"]
[SourceVersion "1"]
[SourceVersionDate "2020.10.23"]
[SourceQuality "1"]

1. d4 Nf6 2. Nf3 d5 3. Bf4 c5 4. c3 Nc6 5. e3 cxd4 6. exd4 g6 7. Bd3 Bg7 8. h3 0-0 9. 0-0 a6 10. Re1 b5 11. a3 Bb7 12. Nbd2 Na5 13. Ne5 Nc4 14. Qc2 Nh5 15. Bh2 Nxd2 16. Qxd2 e6 17. Be2 Nf6 18. Nd3 Ne4 19. Qe3 Re8 20. f3 Nd6 21. Nc5 Nf5 22. Qd2 Bc6 23. Bd3 Nxd4 24. Bb1 Nf5 25. Bxf5 gxf5 26. Be5 f6 27. Bg3 e5 28. Rad1 Kh8 29. Qc2 Qe7 30. b4 e4 31. Bf4 Qf7 32. Qe2 Qg6 33. Qf2 Bh6 34. Qe3 d4 35. Rxd4 exf3 36. Qxe8+ Rxe8 37. Rxe8+ Bxe8 38. g4 fxg4 39. Bxh6 gxh3+ 40. Kf2 Qg2+ 41. Ke3 Qe2+ 42. Kf4 f2 43. Kf5 f1Q+ 44. Bf4 Qe5+ 45. Kg4 Qg2+ 46. Kh4 Qh5# 0-1

[Event "Asia-ch Seniors 50 8th"]
[Site "Auckland"]
[Date "2017.10.15"]
[Round "9"]
[White "Ismail, Ahmad"]
[Black "Press, Shaun"]
[Result "1-0"]
[WhiteElo "2026"]
[BlackElo "1935"]
[PlyCount "76"]
[EventDate "2017.10.09"]
[EventType "swiss"]
[EventRounds "9"]
[EventCountry "NZL"]
[SourceTitle "CBM 181 Extra"]
[Source "ChessBase"]
[SourceDate "2017.12.12"]
[SourceVersion "1"]
[SourceVersionDate "2017.12.12"]
[SourceQuality "1"]

1. d4 d5 2. e3 Nf6 3. Nf3 e6 4. Bd3 c5 5. b3 Nc6 6. Bb2 Bd6 7. 0-0 0-0 8. Ne5 cxd4 9. exd4 Qc7 10. f4 Nb4 11. Nc3 Nxd3 12. Qxd3 a6 13. a4 Nd7 14. Rf3 f5 15. Rh3 Nf6 16. Qg3 g6 17. Rf1 Bxe5 18. fxe5 Ne4 19. Qh4 Nxc3 20. Rxc3 Qd8 21. Qh6 Rf7 22. Ba3 Bd7 23. Rff3 b5 24. g4 Rc8 25. Bc5 bxa4 26. gxf5 exf5 27. bxa4 Qa5 28. h4 Qxa4 29. h5 Rg7 30. Kh2 Rxc5 31. Rxc5 Qxd4 32. Qe3 Qh4+ 33. Rh3 Qg4 34. Qf3 gxh5 35. Rg3 Qxf3 36. Rxf3 Re7 37. Rxd5 Kf7 38. Rc5 Bb5 1-0

[Event "Penang op 8th"]
[Site "Penang"]
[Date "2016.12.09"]
[Round "7"]
[White "Chow, Kit Meng Jordan Max"]
[Black "Ismail, Ahmad"]
[Result "0-1"]
[WhiteElo "1794"]
[BlackElo "2057"]
[PlyCount "60"]
[EventDate "2016.12.05"]
[EventType "swiss"]
[EventRounds "9"]
[EventCountry "MAS"]
[SourceTitle "CBM 176 Extra"]
[Source "ChessBase"]
[SourceDate "2017.03.02"]
[SourceVersion "1"]
[SourceVersionDate "2017.03.02"]
[SourceQuality "1"]

1. e4 d5 2. exd5 Nf6 3. d4 Bg4 4. Nf3 Qxd5 5. Be2 Nc6 6. 0-0 0-0-0 7. c4 Qf5 8. Be3 e5 9. d5 e4 10. Nd4 Nxd4 11. Bxd4 Bd6 12. Nc3 Bxe2 13. Qxe2 Rhe8 14. f4 exf3 15. Qxf3 Qxf3 16. Rxf3 Be5 17. Rd1 Bxd4+ 18. Rxd4 Re1+ 19. Kf2 Rde8 20. Rg3 Rc1 21. Rxg7 Rc2+ 22. Kf3 h5 23. h3 Re1 24. g4 Rh1 25. Kg3 Rch2 26. g5 Rxh3+ 27. Kf4 Rf1+ 28. Ke5 Re3+ 29. Re4 Nxe4 30. Nxe4 Rfe1 0-1

[Event "Penang op 8th"]
[Site "Penang"]
[Date "2016.12.08"]
[Round "6"]
[White "Singh, Kabir"]
[Black "Ismail, Ahmad"]
[Result "1-0"]
[WhiteElo "1829"]
[BlackElo "2057"]
[PlyCount "93"]
[EventDate "2016.12.05"]
[EventType "swiss"]
[EventRounds "9"]
[EventCountry "MAS"]
[SourceTitle "CBM 176 Extra"]
[Source "ChessBase"]
[SourceDate "2017.03.02"]
[SourceVersion "1"]
[SourceVersionDate "2017.03.02"]
[SourceQuality "1"]

1. e4 c5 2. Nf3 a6 3. Nc3 Nc6 4. d4 cxd4 5. Nxd4 e5 6. Nf5 d6 7. Ne3 Nf6 8. a4 Be6 9. Be2 Rc8 10. 0-0 Nd4 11. f4 Qc7 12. Bd3 exf4 13. Rxf4 Qc5 14. Kh1 Be7 15. Ned5 Nd7 16. Be3 Bg5 17. Ne2 Nxe2 18. Bxc5 Nxf4 19. Bxd6 Nxd3 20. Qxd3 f6 21. Nc7+ Rxc7 22. Bxc7 Kf7 23. b4 Rc8 24. Qg3 a5 25. c3 axb4 26. cxb4 Bd2 27. Rb1 h5 28. h4 g5 29. hxg5 Bxg5 30. Bf4 h4 31. Qf2 Kg6 32. Rf1 Rc4 33. Bxg5 fxg5 34. Qe2 h3 35. gxh3 Ne5 36. Qf2 Nd7 37. Qe2 Ne5 38. Qf2 Nd7 39. Qd2 Bxh3 40. Re1 Bg4 41. Qd3 Rc8 42. e5+ Bf5 43. Qd6+ Kg7 44. Qe7+ Kg6 45. Qd6+ Kg7 46. e6 Rh8+ 47. Kg1 1-0

[Event "Asia-ch Seniors 50"]
[Site "Mandalay"]
[Date "2016.11.02"]
[Round "7"]
[White "Myo, Naing"]
[Black "Ismail, Ahmad"]
[Result "0-1"]
[WhiteElo "2262"]
[BlackElo "2019"]
[PlyCount "82"]
[EventDate "2016.10.26"]
[EventType "swiss"]
[EventRounds "9"]
[EventCountry "MYA"]
[SourceTitle "CBM 175 Extra"]
[Source "ChessBase"]
[SourceDate "2016.12.12"]
[SourceVersion "1"]
[SourceVersionDate "2016.12.12"]
[SourceQuality "1"]

1. e4 d5 2. exd5 Nf6 3. d4 Bg4 4. f3 Bf5 5. Bb5+ Nbd7 6. c4 e6 7. dxe6 Bxe6 8. c5 c6 9. Bd3 Nd5 10. Ne2 Qh4+ 11. g3 Qh3 12. Nf4 Nxf4 13. Bf1 Ng2+ 14. Kf2 0-0-0 15. Bxg2 Qf5 16. Qe2 Nxc5 17. dxc5 Bxc5+ 18. Be3 Rhe8 19. Rc1 Bc4 20. Qxc4 Bxe3+ 21. Kf1 Bxc1 22. Qxc1 Qd3+ 23. Kg1 Qd4+ 24. Kf1 Qd3+ 25. Kg1 Qd1+ 26. Qxd1 Rxd1+ 27. Kf2 Ree1 28. Bh3+ Kc7 29. Bf5 g6 30. Bc2 Rc1 31. Bd3 c5 32. g4 c4 33. Be4 b5 34. a4 b4 35. a5 Rh1 36. Kg2 Rcg1+ 37. Kf2 Rc1 38. Kg2 Rcg1+ 39. Kf2 Rf1+ 40. Kg2 f5 41. gxf5 gxf5 0-1

[Event "Asia-ch Seniors 50"]
[Site "Mandalay"]
[Date "2016.10.31"]
[Round "5"]
[White "Myo, Zaw Min"]
[Black "Ismail, Ahmad"]
[Result "1/2-1/2"]
[WhiteElo "2286"]
[BlackElo "2019"]
[PlyCount "46"]
[EventDate "2016.10.26"]
[EventType "swiss"]
[EventRounds "9"]
[EventCountry "MYA"]
[SourceTitle "CBM 175 Extra"]
[Source "ChessBase"]
[SourceDate "2016.12.12"]
[SourceVersion "1"]
[SourceVersionDate "2016.12.12"]
[SourceQuality "1"]

1. e4 d5 2. exd5 Nf6 3. c4 e6 4. d4 exd5 5. Nc3 Bb4 6. Nf3 0-0 7. Be2 Nc6 8. 0-0 dxc4 9. Bg5 Bg4 10. h3 Bxf3 11. Bxf3 Nxd4 12. Bxb7 Rb8 13. Nd5 Be7 14. Nxe7+ Qxe7 15. Qxd4 Rxb7 16. Rad1 Rb6 17. Rfe1 Qb4 18. Rc1 h6 19. Bxf6 Rxf6 20. b3 Qa5 21. Qxc4 Qxa2 22. Re2 Qa3 23. Qxc7 Qxb3 1/2-1/2

[Event "Penang op 7th"]
[Site "Penang"]
[Date "2015.12.10"]
[Round "6"]
[White "Ismail, Ahmad"]
[Black "Brown, Geoffrey M"]
[Result "0-1"]
[WhiteElo "2031"]
[BlackElo "1743"]
[PlyCount "104"]
[EventDate "2015.12.07"]
[EventType "swiss"]
[EventRounds "9"]
[EventCountry "MAS"]
[SourceTitle "CBM 169 Extra"]
[Source "ChessBase"]
[SourceDate "2015.12.18"]
[SourceVersion "1"]
[SourceVersionDate "2015.12.18"]
[SourceQuality "1"]

1. d4 e6 2. Nc3 b6 3. e4 Bb7 4. Bd3 Bb4 5. Nf3 Nf6 6. Qe2 d5 7. e5 Ne4 8. Bd2 Bxc3 9. Bxc3 Nxc3 10. bxc3 Nc6 11. 0-0 Qe7 12. a4 Na5 13. Rfb1 0-0 14. Re1 c5 15. Qe3 h6 16. Rab1 Bc6 17. Bb5 Bxb5 18. axb5 Rfc8 19. g4 Rc7 20. g5 h5 21. g6 fxg6 22. Ng5 cxd4 23. cxd4 Rac8 24. h4 Rc3 25. Qd2 Qf8 26. Re3 Rxc2 27. Qe1 Qf4 28. Kg2 Qxh4 29. Rg3 Rf8 30. Rd1 Qf4 31. Nh3 Qf5 32. Rdd3 h4 33. Rdf3 Qe4 34. Qxe4 dxe4 35. Rxf8+ Kxf8 36. Re3 Rb2 37. Rxe4 Rxb5 38. Ng5 Ke7 39. Rf4 Nb3 40. Rf7+ Ke8 41. Rxa7 Nxd4 42. Nf7 Nf5 43. f4 Rb2+ 44. Kh3 Rb3+ 45. Kh2 Rf3 46. Ng5 Nd4 47. Ne4 Nf5 48. Ng5 Rb3 49. Nxe6 Ne3 50. Nxg7+ Kd8 51. e6 Ng4+ 52. Kg1 Re3 0-1

[Event "Wch Seniors 50 24th"]
[Site "Katerini"]
[Date "2014.10.26"]
[Round "3"]
[White "Habibi, Ali"]
[Black "Ismail, Ahmad"]
[Result "0-1"]
[WhiteElo "2247"]
[BlackElo "2075"]
[PlyCount "164"]
[EventDate "2014.10.24"]
[EventType "swiss"]
[EventRounds "11"]
[EventCountry "GRE"]
[SourceTitle "EXT 2015"]
[Source "ChessBase"]
[SourceDate "2014.11.20"]
[SourceVersion "1"]
[SourceVersionDate "2014.11.20"]
[SourceQuality "1"]

1. c4 Nc6 2. g3 e5 3. Bg2 Bc5 4. Nc3 Nf6 5. e3 d6 6. Nge2 0-0 7. 0-0 a6 8. a3 a5 9. h3 Bf5 10. d4 Bb6 11. Kh2 h5 12. d5 Nb8 13. e4 Bh7 14. Rb1 Nbd7 15. b4 axb4 16. axb4 Ra6 17. Qd3 Qa8 18. Bb2 Ne8 19. g4 hxg4 20. hxg4 Qd8 21. Qg3 g5 22. Bf3 f6 23. Kg2 Rf7 24. Rh1 Nf8 25. Rh6 Ng6 26. Rbh1 Rg7 27. Kf1 Qe7 28. Qh2 Nf4 29. Nxf4 exf4 30. Qh5 Qf7 31. Qxf7+ Rxf7 32. Be2 Bd4 33. f3 Ra8 34. Kg2 c6 35. Rd1 c5 36. b5 b6 37. Rhh1 Rfa7 38. Ra1 Rxa1 39. Rxa1 Rxa1 40. Bxa1 Kf7 41. Bb2 Ke7 42. Bd3 Kd7 43. Kf1 Be5 44. Ke2 Bg6 45. Kd2 Kc7 46. Kc2 Bf7 47. Nd1 Bg8 48. Kb3 Bf7 49. Bc2 Bg8 50. Bc3 Bf7 51. Nb2 Bg8 52. Na4 Bf7 53. Be1 Bg8 54. Nxb6 Kxb6 55. Ka4 Nc7 56. Ba5+ Kb7 57. Ka3 Na8 58. Bd8 Nb6 59. Kb3 Bf7 60. Bd3 Be8 61. Be2 Bd7 62. Bd3 Na8 63. Ba5 Nc7 64. Ka4 Na6 65. Kb3 Nb8 66. Be2 Be8 67. Bd3 Kc8 68. Kc2 Nd7 69. Be2 Nf8 70. Kb3 Ng6 71. Kc2 Nh4 72. Kd2 Ng2 73. Kc2 Bd4 74. Kb3 Nh4 75. Kc2 Ng6 76. Kd1 Ne5 77. Ke1 Bd7 78. Kf1 Bxg4 79. Kg2 Bd7 80. Bd2 Be3 81. Bc3 Bd4 82. Bd2 f5 0-1

[Event "Wch Seniors 50 24th"]
[Site "Katerini"]
[Date "2014.10.25"]
[Round "2"]
[White "Ismail, Ahmad"]
[Black "Bobke, Laurenz"]
[Result "1-0"]
[WhiteElo "2075"]
[BlackElo "1715"]
[PlyCount "39"]
[EventDate "2014.10.24"]
[EventType "swiss"]
[EventRounds "11"]
[EventCountry "GRE"]
[SourceTitle "EXT 2015"]
[Source "ChessBase"]
[SourceDate "2014.11.20"]
[SourceVersion "1"]
[SourceVersionDate "2014.11.20"]
[SourceQuality "1"]

1. d4 e6 2. Nf3 d5 3. e3 Bb4+ 4. c3 Be7 5. Bd3 Nf6 6. 0-0 Nbd7 7. Ne5 0-0 8. f4 c5 9. Nd2 a6 10. a4 Qc7 11. Qf3 b6 12. g4 Bb7 13. g5 Ne8 14. Qh5 g6 15. Qh6 Nd6 16. Rf3 f6 17. Bxg6 Rf7 18. Nxf7 hxg6 19. Qxg6+ Kf8 20. Nh6 1-0